| 000 | 00387nam a2200145Ia 4500 | ||
|---|---|---|---|
| 008 | 151021s9999 xx 000 0 und d | ||
| 020 | _a9.7808030049e+011 | ||
| 050 | _aN 6853 .P5A4 2007 | ||
| 245 | _a_Cubist Picasso | ||
| 260 | _aNorth America Rizzol 2007 | ||
| 300 | _a567 p. : ill. | ||
| 500 | _aIncludes index | ||
| 650 | _a_Art works | ||
| 980 | _a^d20110324 12:48:10^okilerai | ||
| 999 |
_c6942 _d6942 |
||